|
|
|
|
| LEADER |
00963nam a2200265 i 4500 |
| 001 |
7724 |
| 003 |
BD-DhAAL |
| 005 |
20150707115157.0 |
| 008 |
150707c19671966nyu 00011 eng d |
| 015 |
|
|
|a C770048846
|
| 020 |
|
|
|a 0440184622
|
| 040 |
|
|
|a CaOONL
|b eng
|c CaOONL
|d NNPL
|d ANL
|d BD-DhAAL
|
| 082 |
0 |
|
|a 813/.5/4
|
| 100 |
1 |
|
|a Clavell, James.
|9 12920
|
| 245 |
1 |
0 |
|a Tai-Pan :
|b a novel of Hong Kong /
|c by James Clavell.
|
| 260 |
|
|
|a New York :
|b Dell Pub. Co.,
|c 1967, c1966.
|
| 300 |
|
|
|a 734 p. ;
|c 18 cm.
|
| 500 |
|
|
|a "A Dell book".
|
| 541 |
|
|
|e 7724
|
| 650 |
|
0 |
|a British
|z China
|z Hong Kong
|x History
|y 19th century
|v Fiction.
|9 12921
|
| 651 |
|
0 |
|a Hong Kong (China)
|x History
|y 19th century
|v Fiction.
|9 12922
|
| 651 |
|
0 |
|a Hong Kong (China)
|v Fiction.
|9 12923
|
| 942 |
|
|
|2 ddc
|c BK
|
| 999 |
|
|
|c 34963
|d 34963
|
| 952 |
|
|
|0 0
|1 0
|2 ddc
|4 0
|6 813_540000000000000_CLA
|7 0
|9 54822
|a SCL
|b SCL
|c GEN
|d 2015-07-07
|e Gift
|l 2
|m 12
|o 813.54 CLA
|p 3020007724
|r 2019-04-06
|s 2019-01-27
|t 1
|w 2015-07-07
|y BK
|